Estadísticas para Equipos de MLB

Haz click aquí para tomar la prueba!

Estadísticas generales

  • Esta prueba ha sido tomada 990 veces
  • La puntuación promedio es 22 de 30

Estadísticas de respuestas

Equipo % Correcto
New York Yankees
94%
Cincinnati Reds
93%
Boston Red Sox
87%
New York Mets
83%
Chicago Cubs
82%
Chicago White Sox
82%
Los Angeles Dodgers
81%
Oakland Athletics
80%
San Francisco Giants
76%
Miami Marlins
75%
Houston Astros
75%
Los Angeles Angels
75%
Toronto Blue Jays
74%
San Diego Padres
73%
Cleveland Indians
72%
Baltimore Orioles
72%
St. Louis Cardinals
71%
Texas Rangers
71%
Pittsburgh Pirates
69%
Seattle Mariners
67%
Tampa Bay Rays
67%
Detroit Tigers
67%
Philadelphia Phillies
66%
Washington Nationals
66%
Atlanta Braves
65%
Arizona Diamondbacks
64%
Colorado Rockies
64%
Minnesota Twins
63%
Kansas City Royals
63%
Milwaukee Brewers
63%

Distribución de puntuación

Porcentaje por número respondido

Porcentaje de gente con cada puntuación

Historial de tus puntuaciones

No has tomado esta prueba